000 00511nam a2200169Ia 4500
003 IN-BaIIA
008 211028s9999 xx 000 0 eng d
040 _cIIA Library
080 _a031
_bNAY-7
245 0 _aKannada Visvakosa
_bvol. VII
_cedited by H. M. Nayak
260 _aMysore
_bUniversity of Mysore
_c1974
300 _a945p.
650 _aEncyclopaedia
_914306
650 _aKannada Encyclopaedia
_914307
700 _aNayak,H. M., ed.
_914308
942 _cBK
999 _c8533
_d8533